000 00709nam a2200253Ia 4500
003 OSt
005 20220925222930.0
006 a|||||r|||| 00| 0
007 ta
008 220923b |||||||| |||| 00| 0 eng d
020 _a094772804X
037 _cGeneral Book
040 _aRTL
_cRTL
_beng
041 _2eng
_aeng
082 _aX755.1(X) . N8, M5
100 _aArnold Guy
_915474
245 0 _aAid and the third world
_b The North/South divide
260 _aLondon
_bRobert Royee UK
_c1985
300 _axi, 180p.
_ccm.
500 _aBibliography 173-74
650 _aForeign Loan
942 _hX755.1(X) . N8, M5
_cGB
_2CC
999 _c578194
_d578194